Control of bark feeding caterpillar Aetherastis circulata Meyer infesting rubber with insecticidal dusts (Record no. 52537)

MARC details
000 -LEADER
fixed length control field 00639nam a2200145Ia 4500
100 ## - MAIN ENTRY--AUTHOR NAME
Personal name Jose V.T.
245 #0 - TITLE STATEMENT
Title Control of bark feeding caterpillar Aetherastis circulata Meyer infesting rubber with insecticidal dusts
260 ## - PUBLICATION, DISTRIBUTION, ETC. (IMPRINT)
Name of publisher In: Recent advances in plantation crops research: Placrosym XIII, 16-18 December 1998, Coimbatore, Tamil Nadu, India. (Eds. N. Muraleedharan and R. Raj Kumar). Allied Publishers, New Delhi, India, pp. 352-354.
Year of publication 2000
650 ## - SUBJECT ADDED ENTRY--TOPICAL TERM
Topical Term Bark feeding caterpillar
650 ## - SUBJECT ADDED ENTRY--TOPICAL TERM
Topical Term Pest control
700 ## - ADDED ENTRY--PERSONAL NAME
Personal name Kothandaraman R.
700 ## - ADDED ENTRY--PERSONAL NAME
Personal name Thankamony S.
942 ## - ADDED ENTRY ELEMENTS (KOHA)
Koha item type Bibliography STAF
Holdings
Withdrawn status Lost status Damaged status Not for loan Home library Current library Date acquired Koha item type
      Bibliography RRII Library RRII Library 09/04/2014 Bibliography STAF